000 00683nam a2200241Ia 4500
003 OSt
005 20220926021255.0
006 a|||||r|||| 00| 0
007 ta
008 220923b |||||||| |||| 00| 0 eng d
020 _a9211204623
037 _cGeneral Book
040 _aRTL
_cRTL
_beng
041 _2eng
_aeng
082 _aX.48.P06, P6/UN
110 _aUNITED NATIONS
245 0 _aEconomic and social survey of Asia and the Pacific 2006
_b Energizing the global economy.
260 _aNew York
_bUN
_c2006
300 _axxii,221p.
_ccm.
700 _aUNITED NATIONS
942 _hX.48.P06, P6/UN
_cGB
_2CC
999 _c636354
_d636354